Corporate social reporting practices of Islamic business organisations and perception of Muslim accountants : evidence from Malaysia /
Saved in:
| Main Author: | |
|---|---|
| Other Authors: | |
| Format: | Thesis Book |
| Language: | English |
| Published: |
2005.
|
| Subjects: | |
| Tags: |
Add Tag
No Tags, Be the first to tag this record!
|
| LEADER | 01132cam a2200277 a 4500 | ||
|---|---|---|---|
| 001 | u729074 | ||
| 003 | SIRSI | ||
| 005 | 200610121109 | ||
| 008 | 061012s2005 my a t 00 0 eng m | ||
| 040 | |a UMK | ||
| 043 | |a a-my--- | ||
| 098 | |a HF5630 |b UM 2005 Tan | ||
| 100 | 1 | 0 | |a Tan, Ai Lin. |
| 245 | 1 | 0 | |a Corporate social reporting practices of Islamic business organisations and perception of Muslim accountants : |b evidence from Malaysia / |c Tan Ai Lin, Zulfa Abdul Rahman. |
| 260 | |c 2005. | ||
| 300 | |a 143, [20] leaves : |b ill. ; |c 30 cm. | ||
| 502 | |a Dissertation (M.B.A.) -- Fakulti Perniagaan dan Perakaunan, Universiti Malaya, 2005. | ||
| 504 | |a Bibliography: leaves 130-143. | ||
| 650 | 0 | |a Corporations |z Malaysia |x Accounting. | |
| 650 | 0 | |a Accounting |x Religious aspects |x Islam. | |
| 650 | 0 | |a Social accounting |z Malaysia. | |
| 650 | 0 | |a Social responsibility of business |z Malaysia. | |
| 700 | 1 | 0 | |a Zulfa Abdul Rahman. |
| 710 | 2 | 0 | |a Universiti Malaya. |b Fakulti Perniagaan dan Perakaunan. |
| 596 | |a 19 | ||
| 999 | |a HF5630 UM 2005 TAN |w LC |c 1 |i A511795598 |d 11/7/2008 |e 4/6/2008 |f 1/11/2006 |g 1 |l STACKS |m P19KOTA |n 1 |r Y |s Y |t TESIS |u 12/10/2006 | ||
